[Event "RUS-Cup 300 years"]
[Site "St Petersburg"]
[Date "2003.10.21"]
[Round "4"]
[White "Kozlov, Roman"]
[Black "Utkin, Aleksey"]
[Result "1-0"]
[WhiteElo "2227"]
[BlackElo "2382"]
[PlyCount "161"]
[EventDate "2003.10.18"]
[EventType "swiss"]
[EventRounds "9"]
[EventCountry "RUS"]
[SourceTitle "EXT 2004"]
[Source "ChessBase"]
[SourceDate "2003.11.25"]
[SourceVersion "1"]
[SourceVersionDate "2003.11.25"]
[SourceQuality "1"]

1. d4 Nf6 2. c4 d6 3. Nc3 Nbd7 4. Nf3 e5 5. Bg5 Be7 6. e3 0-0 7. Bd3 b6 8. Qc2 exd4 9. Nxd4 Bb7 10. 0-0 g6 11. Rad1 Ng4 12. Bxe7 Qxe7 13. Be4 Bxe4 14. Qxe4 Qxe4 15. Nxe4 Ngf6 16. Nc3 Kg7 17. Nc6 Nb8 18. Nb4 a5 19. Nc2 Na6 20. Nd4 Rfe8 21. Rfe1 Rac8 22. Ncb5 Rcd8 23. Nc6 Rd7 24. f3 Nb4 25. Nbd4 Nxa2 26. e4 Nb4 27. Nxb4 axb4 28. Nc6 b3 29. Ra1 Ng8 30. Nd4 Rde7 31. Red1 Re5 32. Nxb3 f5 33. Ra7 R8e7 34. exf5 gxf5 35. Rd2 Kg6 36. Nd4 Re1+ 37. Kf2 Rc1 38. b3 Rh1 39. Re2 Rf7 40. Ne6 Rxh2 41. Rxc7 Nf6 42. Nf4+ Kg7 43. Ree7 Rxe7 44. Rxe7+ Kf8 45. Rb7 Rh1 46. Rxb6 Ke7 47. Rb7+ Nd7 48. Nd5+ Ke6 49. Kg3 Rg1 50. Kh4 Rh1+ 51. Kg5 h6+ 52. Kg6 Ne5+ 53. Kg7 Nd7 54. Nf4+ Ke7 55. Kg6 Kd8 56. Ne6+ Ke7 57. Nf8 Kxf8 58. Rxd7 Rg1 59. Kxf5 Rxg2 60. Rxd6 h5 61. Rh6 Rb2 62. Rb6 Rg2 63. c5 h4 64. c6 Ke7 65. c7 Kd7 66. Rc6 Kc8 67. Rh6 Rb2 68. Rxh4 Rxb3 69. f4 Kxc7 70. Rh1 Kd8 71. Re1 Rb5+ 72. Kg6 Rb6+ 73. Kg5 Rb7 74. f5 Rg7+ 75. Kf6 Rg4 76. Kf7 Rd4 77. f6 Rd2 78. Kf8 Kd7 79. f7 Rd3 80. Rg1 Ke6 81. Kg8 1-0

[Event "RUS-Cup 300 years"]
[Site "St Petersburg"]
[Date "2003.10.19"]
[Round "2"]
[White "Kozlov, Roman"]
[Black "Maiorov, Nikita"]
[Result "0-1"]
[WhiteElo "2227"]
[BlackElo "2415"]
[PlyCount "76"]
[EventDate "2003.10.18"]
[EventType "swiss"]
[EventRounds "9"]
[EventCountry "RUS"]
[SourceTitle "EXT 2004"]
[Source "ChessBase"]
[SourceDate "2003.11.25"]
[SourceVersion "1"]
[SourceVersionDate "2003.11.25"]
[SourceQuality "1"]

1. d4 Nf6 2. c4 e6 3. Nc3 Bb4 4. Qc2 0-0 5. e4 Bxc3+ 6. bxc3 d6 7. Bd3 Nc6 8. Bg5 h6 9. Bh4 e5 10. Ne2 Qe7 11. f3 b6 12. 0-0 Na5 13. Nc1 Nc6 14. Nb3 Nd8 15. d5 g5 16. Be1 Nh5 17. g3 f6 18. Rf2 Nf7 19. Nd2 Ng7 20. Nf1 Nd8 21. Ne3 Nb7 22. g4 Nc5 23. h4 h5 24. Rg2 Kf7 25. Bd2 Rh8 26. hxg5 fxg5 27. Nf5 Qf6 28. Be3 hxg4 29. fxg4 Bxf5 30. exf5 Rh3 31. Bxc5 dxc5 32. Be4 Rah8 33. Rd1 Ne8 34. d6 Nxd6 35. Bd5+ Kf8 36. Qe2 e4 37. Qd2 e3 38. Qd3 Rh1# 0-1

[Event "RUS-Cup 300 years"]
[Site "St Petersburg"]
[Date "2003.10.18"]
[Round "1"]
[White "Yandemirov, Valeri"]
[Black "Kozlov, Roman"]
[Result "1-0"]
[WhiteElo "2483"]
[BlackElo "2227"]
[PlyCount "95"]
[EventDate "2003.10.18"]
[EventType "swiss"]
[EventRounds "9"]
[EventCountry "RUS"]
[SourceTitle "EXT 2004"]
[Source "ChessBase"]
[SourceDate "2003.11.25"]
[SourceVersion "1"]
[SourceVersionDate "2003.11.25"]
[SourceQuality "1"]

1. e4 e5 2. Nf3 Nc6 3. Bb5 a6 4. Bxc6 dxc6 5. Nc3 f6 6. d4 exd4 7. Nxd4 c5 8. Nde2 Qxd1+ 9. Nxd1 Bd7 10. Bf4 0-0-0 11. Ne3 Ne7 12. 0-0-0 Re8 13. Nc3 Bc6 14. f3 Ng6 15. Bg3 b5 16. Ncd5 Ne5 17. Kb1 Bd7 18. Rd2 Be6 19. Rhd1 Bd6 20. Nf4 Nc4 21. Nxc4 Bxc4 22. Nh5 Bxg3 23. hxg3 Re7 24. b3 Be6 25. Nf4 Bf7 26. Nd5 Bxd5 27. Rxd5 c6 28. Rxc5 Kc7 29. g4 Re5 30. Rxe5 fxe5 31. Rh1 h6 32. Rh5 Re8 33. g5 Re6 34. gxh6 gxh6 35. Kc1 Kd6 36. Kd2 Rg6 37. g4 Rf6 38. Ke3 a5 39. Rf5 Rg6 40. a3 Ke6 41. Rf8 Ke7 42. Ra8 Rd6 43. Rxa5 Rd1 44. Ra7+ Kd6 45. Rh7 Rh1 46. g5 h5 47. Rh6+ Kd7 48. g6 1-0